000
00315nam a2200133Ia 4500
008
240624s9999 xx 000 0 und d
041
_a
eng
082
_a
823 DIC
100
_a
DICKENS CHARLES
245
_a
HARD TIMES
260
_c
2014
_a
New Delhi
_b
Maple Press
300
_a
360 : p. : cm. ; 23
365
_c
RS
_b
25
999
_c
23681
_d
23681